Statystyki dla Największe miasta Europy, lądu

Kliknij tutaj aby rozwiązać quiz!

Ogólne statystyki

  • Ten quiz został rozwiązany 54 razy
    (32 od ostatniego zresetowania)
  • Średni wynik to 12 z 20

Statystyki odpowiedzi

lp.PopulacjaMiasto% Poprawnych
112 200 00Moskwa
97%
61 777 972Warszawa
97%
32 933 537Kijów
94%
23 215 633Madryt
94%
51 840 573Wiedeń
84%
71 752 704Budapeszt
78%
41 974 819Mińśk
78%
81 552 762Monachium
75%
111 280 508Praga
75%
141 166 763Belgrad
63%
91 446 107Charków
53%
101 290 502Sofia
47%
151 136 566Kazań
38%
121 263 873Niżny Nowogród
38%
131 170 184Samara
38%
161 051 583Perm
28%
19979 617Wołgograd
28%
171 030 812Ufa
25%
181 023 957Woroneż
22%
20843 460Saratów
16%

Rozkład punktacji

Percentyl według liczby udzielonych odpowiedzi

Procent ludzi z każdym wynikiem

Twoja historia wyników

Nie rozwiązałeś tego quizu od ostatniego zresetowania